Gospodarcze wykorzystanie odpadów przemysłowych w Polsce

Salvato in:
Dettagli Bibliografici
Autore principale: Rutkowska, Małgorzata
Altri autori: Pakulska, Jolanta
Natura: Capitolo di libro
Lingua:polacco
Tags: Aggiungi Tag
Nessun Tag, puoi essere il primo ad aggiungerne!!

MARC

LEADER 00000naa a2200000 4500
001 0151570
005 20220713100959.8
041 0 |a pol 
044 |a PL 
245 1 0 |a Gospodarcze wykorzystanie odpadów przemysłowych w Polsce  |c Małgorzata Rutkowska, Jolanta Pakulska 
100 1 |a Rutkowska, Małgorzata 
700 1 |a Pakulska, Jolanta